000 00440nam a2200169 4500
003 LK-CoMWRAF
005 20230913102308.0
008 230913b1967 |||||||| |||| 00| 0 eng d
040 _aLK-CoMWRAF
_dLK-CoMWRAF
_eLK-CoMWRAF
041 _aeng
082 _a297.63
_bLIN
100 _aලිංගිස්, මාටින්
111 _a :
_c ,
245 _aමුහම්මද්
650 _aමුහම්මද්
942 _cBK
999 _c3560
_d3560